000 00994nam a2200301 a 4500
001 000046734
003 DO-SdBPM
005 20250922131905.0
008 180321s2011 sp a r 000 j spa d
020 _a9788483692103 (o.c)
040 _aDO-SdBNP
_bspa
_cBPMSU
_erda
_drda
082 4 _a808.83
_bC965e 1986
_222
245 0 0 _a Cuentos de la edad media /
_cintroducción, notas y selección de María Jesús Lacarra.
_b
264 _aMadrid :
_bEditorial Castalia,
_c1986.
300 _a361 páginas :
_bilustraciones ;
_c19 cm.
306 _a
336 _atexto
_btxt
_2rdacontent
337 _asin mediación
_2rdamedia
_bn
338 _avolumen
_bnc
_2rdacarrier
490 0 _aOdres nuevos
504 _aIncluye bibliografía
590 _aInventariado, 2025/VM
650 4 _aCuentos infantiles
_v Colecciones de escritos
_z
650 4 _aCuentos
_xEnseñanza.
700 1 _aLacarra, María Jesús,
_d1953-
910 _aVMateo V. Control de calidad BPMSU
942 _2ddc
_cBK
999 _c15421
_d15421